| 000 | 01254nam a22003617a 4500 | ||
|---|---|---|---|
| 001 | 0007183 | ||
| 003 | KOHA_MİRAKIL | ||
| 005 | 20260207001548.0 | ||
| 007 | ta | ||
| 008 | 090820b1994 tu |||gr||||#||||0|tur | | ||
| 020 | _a9753551002 | ||
| 040 |
_aTR-BiSEU _btur _cTR-BiSEU _erda |
||
| 041 | 0 | _atur | |
| 044 | _ctu | ||
| 050 |
_aJQ1806.Z1 _bF56 1994 |
||
| 100 | 1 | _aFindley, Carter V.. | |
| 245 | 1 |
_aOsmanlı Devletinde bürokratik reform : _bBabiali (1789-1922)/ _cCarter V. Findley ; Carter V. Findley; çevirenler Latif Boyacı, İzzet Akyol. |
|
| 264 | 1 |
_aİstanbul : _bİz Yayıncılık _c1994 |
|
| 300 | _a364 sayfa; 25 cm. | ||
| 336 |
_ametin _btxt _2rdacontent |
||
| 337 |
_aaracısız _bn _2rdamedia |
||
| 338 |
_acilt _bnc _2rdacarrier |
||
| 490 | 1 |
_a İz Yayıncılık ; _v91. |
|
| 490 | 1 |
_aİnceleme araştırma dizisi ; _v 25. |
|
| 500 | _aKaynakça var. | ||
| 500 | _aÖzgün eser adı : Bureaucratic reform in The Ottoman Empire : The Sublime Porte, 1789-1922. | ||
| 650 | 0 |
_a _95500 |
|
| 650 | 0 |
_aPolitics and government 19th century--Turkey. _917747 |
|
| 650 | 0 |
_aBureaucracy--Turkey. _917748 |
|
| 830 | 1 |
_a İz Yayıncılık ; _v91. _917749 |
|
| 830 | 1 |
_aİnceleme araştırma dizisi ; _v 25. _97832 |
|
| 942 |
_2lcc _cBK |
||
| 999 |
_c7163 _d7163 |
||